| 000 | 00764nam a2200241 a 4500 | ||
|---|---|---|---|
| 001 | 2632787 | ||
| 003 | 20160317082416.0 | ||
| 005 | 20240606080859.0 | ||
| 008 | 990315s1998 ctu 000 0 eng | ||
| 020 | _a9781843982678 | ||
| 040 |
_aDLC _cDLC |
||
| 050 | 0 | 0 |
_aHF5549 _b.M376 2012 C1 |
| 100 | _aMarchington Mick & Wilkinson Adrian | ||
| 245 | 0 | 0 | _ahuman resource management at work |
| 246 | 3 | 0 | _aHuman resource management |
| 260 |
_aLondon : _bcipd, _cc2012. |
||
| 300 |
_a1 v. (various pagings) ; _c25 cm. |
||
| 630 | _ahuman resource management | ||
| 650 | 0 | _aPersonnel management. | |
| 906 |
_a7 _bcbc _corignew _d2 _encip _f19 _gy-gencatlg |
||
| 942 |
_2lcc _cBK |
||
| 999 |
_c2667 _d2667 |
||